| 000 | 00829nam a2200253Ia 4500 | ||
|---|---|---|---|
| 003 | OSt | ||
| 005 | 20220925231709.0 | ||
| 006 | a|||||r|||| 00| 0 | ||
| 007 | ta | ||
| 008 | 220923b |||||||| |||| 00| 0 eng d | ||
| 020 |
_a0719017637 _cPD25.00 |
||
| 037 |
_b298dt, 29/10/1985, SBD _cGeneral Book |
||
| 040 |
_aRTL _cRTL _beng |
||
| 041 |
_2eng _aeng |
||
| 082 | _aX9(H191).65.N83<-N19, M5 | ||
| 100 | _aGreenhalgh Peter | ||
| 245 | 0 |
_aWest African diamonds 1919-83 _b An economic histordiminutive |
|
| 260 |
_aManchester _bUniversity press _c1985 |
||
| 300 |
_axiii, 306p _ccm. |
||
| 500 | _aBibliography: p 291-97 | ||
| 650 |
_aMineralsminerals, mining _9295904 |
||
| 942 |
_hX9(H191).65.N83<-N19, M5 _cGB _2CC |
||
| 999 |
_c589174 _d589174 |
||